Euro 2016 Dream Team - Second Group Stage Day - Statistics

General Stats
  • This quiz has been taken 38 times
  • The average score is 7 of 11
Answer Stats
Answer % Correct
Romalu Lukaku
91%
Marek Hamšík
85%
Andrés Iniesta
82%
Jan Vertonghen
79%
Alvaro Morata
70%
Giorgio Chiellini
64%
Ivan Rakitić
64%
Nolito
48%
Thomas Vermaelen
42%
Benedikt Höwedes
33%
Robert Almer
24%
No matching quizzes found
Score Distribution
Percent of People with Each Score
Percentile by Number Answered
Your Score History
You have not taken this quiz